00301nam a2200121Ia 4500008004100000041000800041082001200049100001900061245003000080260003400110300002400144365001100168240624s9999 xx 000 0 und d aeng a823 NEL aNELSON JAMES L aLORD OF THE OCEAN A NOVEL c1999aNew YorkbPockets Books a354 : p. : cm. ; 21 cRSb50